[Event "Novi Sad Put Svile Schev"]
[Site "Novi Sad"]
[Date "2021.??.??"]
[Round "8"]
[White "Bogaudinov, Rushan"]
[Black "Lalic, Nikola"]
[Result "1-0"]
[WhiteElo "1933"]
[BlackElo "1825"]
[PlyCount "99"]
[EventDate "2021.07.20"]
[EventType "schev"]
[EventRounds "8"]
[EventCountry "SRB"]
[SourceTitle "EXT 2022"]
[Source "ChessBase"]
[SourceDate "2021.10.06"]
[SourceVersion "1"]
[SourceVersionDate "2021.10.06"]
[SourceQuality "1"]
[WhiteTeam "Theam B"]
[BlackTeam "Theam A"]
[WhiteTeamCountry "SRB"]
[BlackTeamCountry "SRB"]

1. e4 c5 2. Nc3 Nc6 3. Nf3 e6 4. Bb5 Nd4 5. 0-0 Ne7 6. Nxd4 cxd4 7. Ne2 a6 8. Ba4 b5 9. Bb3 Bb7 10. d3 Nc6 11. Bd2 g6 12. Qe1 Qh4 13. f4 Be7 14. a4 0-0 15. f5 Qxe1 16. Raxe1 Rfc8 17. Rf2 Bh4 18. g3 Be7 19. Ref1 h5 20. fxg6 fxg6 21. axb5 axb5 22. Nf4 Ne5 23. Nxe6 dxe6 24. Bxe6+ Kh8 25. Bxc8 Bxc8 26. Bf4 Ng4 27. Rf3 Kg8 28. c3 Bf6 29. h3 Ne5 30. Bxe5 Bxe5 31. Rf8+ Kg7 32. Re8 Bf6 33. e5 Bxe5 34. Re7+ Kh6 35. Rxe5 dxc3 36. bxc3 Bxh3 37. Rf3 Bg4 38. Rfe3 Ra3 39. d4 Rb3 40. R5e4 Rb1+ 41. Re1 Rb3 42. R1e3 Rb1+ 43. Kf2 Rd1 44. Rf4 Rd2+ 45. Kg1 Bh3 46. Rf2 Rd1+ 47. Kh2 Bc8 48. Re7 Kg5 49. Re5+ Bf5 50. Rxb5 1-0

[Event "SRB-ch U18"]
[Site "Kragujevac"]
[Date "2019.05.05"]
[Round "9"]
[White "Lalic, Nikola"]
[Black "Budisavljevic, Luka"]
[Result "0-1"]
[WhiteElo "1530"]
[BlackElo "2334"]
[PlyCount "86"]
[EventDate "2019.04.29"]
[EventType "swiss"]
[EventRounds "9"]
[EventCountry "SRB"]
[SourceTitle "EXT 2022"]
[Source "ChessBase"]
[SourceDate "2021.10.06"]
[SourceVersion "1"]
[SourceVersionDate "2021.10.06"]
[SourceQuality "1"]

1. e4 c5 2. Nf3 e6 3. d4 cxd4 4. Nxd4 a6 5. Nc3 b5 6. g3 Bb7 7. Bg2 Nf6 8. Bg5 Be7 9. Bxf6 Bxf6 10. 0-0 0-0 11. Nce2 Qc7 12. f4 d6 13. Rc1 Nd7 14. c4 bxc4 15. Kh1 Rfc8 16. b3 Qa5 17. bxc4 Nc5 18. Qc2 Rab8 19. Nb3 Qc7 20. Rfd1 Ba8 21. Rb1 Na4 22. Rdc1 h6 23. Nbd4 Rxb1 24. Rxb1 Nb6 25. Rc1 Bxd4 26. Nxd4 Qxc4 27. Qxc4 Rxc4 28. Rxc4 Nxc4 29. Ne2 Ne3 30. Bf3 f5 31. Nc3 Kf8 32. Kg1 fxe4 33. Nxe4 Nf5 34. Kf2 Bd5 35. a3 Ke7 36. Ke2 Nd4+ 37. Kf2 Nxf3 38. Kxf3 Kd7 39. Ke3 Bxe4 40. Kxe4 g5 41. fxg5 hxg5 42. h4 gxh4 43. gxh4 Ke7 0-1

[Event "SRB-ch U18"]
[Site "Kragujevac"]
[Date "2019.05.04"]
[Round "8"]
[White "Omorjan, Dejan"]
[Black "Lalic, Nikola"]
[Result "1-0"]
[WhiteElo "2254"]
[BlackElo "1530"]
[PlyCount "85"]
[EventDate "2019.04.29"]
[EventType "swiss"]
[EventRounds "9"]
[EventCountry "SRB"]
[SourceTitle "EXT 2022"]
[Source "ChessBase"]
[SourceDate "2021.10.06"]
[SourceVersion "1"]
[SourceVersionDate "2021.10.06"]
[SourceQuality "1"]

1. d4 Nf6 2. c4 g6 3. Nc3 d5 4. cxd5 Nxd5 5. e4 Nxc3 6. bxc3 Bg7 7. Nf3 0-0 8. Be2 c5 9. Rb1 Nc6 10. d5 Ne5 11. Nxe5 Bxe5 12. c4 f5 13. exf5 Rxf5 14. 0-0 b6 15. Bg4 Rf7 16. Bxc8 Rxc8 17. Bb2 Qd6 18. Bxe5 Qxe5 19. Re1 Qf4 20. Qe2 Rcf8 21. Rf1 Qd6 22. Rb3 Rf4 23. Re3 R8f7 24. Re6 Qc7 25. g3 Rd4 26. Re1 Kf8 27. Rc6 Qb8 28. a4 Kg7 29. h4 h5 30. f4 Qd8 31. Re6 Qc7 32. Qc2 Kf8 33. Qxg6 Rg7 34. Rf6+ Kg8 35. Qe8+ Kh7 36. Qxh5+ Kg8 37. Rg6 Rxc4 38. Rxg7+ Kxg7 39. Re5 Rc1+ 40. Kf2 Qd6 41. Rg5+ Kf8 42. Qh8+ Kf7 43. Qg8+ 1-0

[Event "SRB-ch U18"]
[Site "Kragujevac"]
[Date "2019.04.30"]
[Round "3"]
[White "Loncarski, Stefan"]
[Black "Lalic, Nikola"]
[Result "0-1"]
[WhiteElo "1803"]
[BlackElo "1530"]
[PlyCount "56"]
[EventDate "2019.04.29"]
[EventType "swiss"]
[EventRounds "9"]
[EventCountry "SRB"]
[SourceTitle "EXT 2022"]
[Source "ChessBase"]
[SourceDate "2021.10.06"]
[SourceVersion "1"]
[SourceVersionDate "2021.10.06"]
[SourceQuality "1"]

1. e4 e5 2. Nf3 Nc6 3. Bb5 Bc5 4. 0-0 Nf6 5. d3 d6 6. h3 Bd7 7. c3 h6 8. a4 a6 9. Bc4 0-0 10. Nbd2 Bb6 11. Re1 Ne7 12. Nf1 c6 13. Bb3 Ng6 14. Ng3 Qc7 15. Nh2 d5 16. Nh5 Nxh5 17. Qxh5 Qd6 18. a5 Bc7 19. Ng4 Bxg4 20. Qxg4 Rad8 21. g3 Qd7 22. Qh5 Kh7 23. Bd1 f5 24. exf5 Rxf5 25. Qe2 Rdf8 26. Be3 d4 27. cxd4 exd4 28. g4 Re5 0-1